000 00655nam a2200229 4500
001 176677
003 ES-MaACL
005 20250802222149.0
008 110201s2009 sp a b |||| |dspa d
020 _a978-84-85559-65-7
080 _a711.4
080 _a911.375
245 0 3 _aLa ciudad del futuro /
_cAntonio Bonet Correa (editor).
260 _aMadrid :
_bInstituto de España,
_c2009.
300 _a336 p. :
_bil. col. y n. ;
_c25 cm.
504 _aBibliografía.
650 7 _aUrbanismo
_2embne
_917692
650 4 _aCiudades.
_911068
700 1 _aBonet Correa, Antonio.
_930126
852 _aES-MaACL
_jE-14146
999 _c176677
_d176677